<?xml version="1.0" encoding="UTF-8"?>
<record
    xmlns:xsi="http://www.w3.org/2001/XMLSchema-instance"
    xsi:schemaLocation="http://www.loc.gov/MARC21/slim http://www.loc.gov/standards/marcxml/schema/MARC21slim.xsd"
    xmlns="http://www.loc.gov/MARC21/slim">

  <leader>00575caa a22001692a 4500</leader>
  <controlfield tag="001">  001327</controlfield>
  <controlfield tag="003">  AR-FADEU</controlfield>
  <controlfield tag="008">  311216n########xxu####################dd</controlfield>
  <datafield tag="092" ind1=" " ind2=" ">
    <subfield code="a">801.953 2</subfield>
    <subfield code="b">C976</subfield>
  </datafield>
  <datafield tag="100" ind1=" " ind2=" ">
    <subfield code="a">Taylor, Peter</subfield>
  </datafield>
  <datafield tag="245" ind1=" " ind2=" ">
    <subfield code="a">Mrs. Billingsby's Wine</subfield>
  </datafield>
  <datafield tag="300" ind1=" " ind2=" ">
    <subfield code="a">PP. 467-475</subfield>
  </datafield>
  <datafield tag="500" ind1=" " ind2=" ">
    <subfield code="a">En: What is the short story? / Eugene Current-Garc&#xED;a. Glenview : Scott, Foresman, 1974</subfield>
  </datafield>
  <datafield tag="546" ind1=" " ind2=" ">
    <subfield code="a">Ingl&#xE9;s</subfield>
  </datafield>
  <datafield tag="942" ind1=" " ind2=" ">
    <subfield code="c">BDGR</subfield>
  </datafield>
  <datafield tag="773" ind1="0" ind2=" ">
    <subfield code="0">7125</subfield>
    <subfield code="9">5072</subfield>
    <subfield code="a">Current-Garc&#xED;a, Eugene</subfield>
    <subfield code="b"></subfield>
    <subfield code="d">Glenvieu</subfield>
    <subfield code="o">0285</subfield>
    <subfield code="t">What is the short story? : Revised</subfield>
    <subfield code="w">(  AR-FADEU)  001286</subfield>
    <subfield code="x"></subfield>
    <subfield code="z">0-673-07886-8</subfield>
  </datafield>
  <datafield tag="999" ind1=" " ind2=" ">
    <subfield code="c">7166</subfield>
    <subfield code="d">7166</subfield>
  </datafield>
</record>
